000 01072nam a22002657a 4500
001 BR9603063
003 BR-BrBNA
005 20230928095020.0
007 ta
008 230509b bl.||||| |||| 00| 0 por d
040 _aBR-BrBNA
_bpor
_cBiblioteca Nacional de Agricultura
041 _a(Eng, Por)
072 _aK10; K50
090 _ K10 BR9603063
110 1 _aSociedade Brasileira de Silvicultura, Sao Paulo, SP (Brasil)
_99794
110 1 _aSociedade Brasileira de Engenheiros Florestais, Sao Paulo, SP (Brasil)
111 1 _a1. Congresso Florestal Panamericano7. Congresso Florestal Brasileiro
_cCuritiba, PR (Brazil)
_d19-24 Sep 1993
245 1 _aAnais: 1. Congresso Florestal Panamericano, 7. Congresso Florestal Brasileiro. Floresta para o desenvolvimento: politica, ambiente, tecnologia e mercado. Conferencias, paineis, trabalhos de posicao e convidados, v. 3
260 3 _aSao Paulo, SP (Brasil):
_c1993.
300 _a403 p.
650 _aCiencia Florestal
650 _aExtracao da Madeira
909 _a202309
_bLucia
_c55
_dLucia Elande
942 _cBK
999 _c54010
_d54010